000 01752nas a2200277Ia 4500
001 L240-27480
003 IT-CnALBA
008 170116c99999999xx |||||||||||| ||und||
040 _aIT-CnALBA
_cIT-CnALBA
041 _aITALIANO
100 _aTRENTIN GIUSEPPE
210 _aSTUDIA PATAVINA
222 _aSTUDIA PATAVINA
245 0 _aSTUDIA PATAVINA. MAGGIO-AGOSTO 1995. RIVISTA DI SCIENZE RELIGIOSE.
250 _a1a ed.
260 _a PADOVA
_bSEMINARIO TIPOGRAFIA
_c1995 [1° Ed.:1995 - Ed.Ling.Originale: 1995]
300 _a264 p.
310 _aQUADRIMESTRALE
362 _aFascicolo: 2 / Anno: 42 (1995)
500 _aSIMPOSIO COMUNICAZIONE E VERITÀ. BRENA G.L. RENZO G. TURA E.R. DUPUYS J. BAZAN A. "SPLENDORE DELLA VERITÀ" FONDAMENTI TEOLOGICI DELLA MORALE. DIALETTICA DELLA COMUNICAZIONE. TEOLOGIA E COMUNICAZIONE. COMUNICAZIONE TRA LE CHIESE IN ALCUNI DOCUMENTI ECUMENICI. CRISTIANESIMO E PLURALISMO RELIGIOSO. L'ELEMENTO CRISTIANO IN CANTI ROMENI. CELEBRAZIONE EUCARISTICA E STRUTTURA FRATTALE. SCILIRONI C. RONCOLATO A. CEPRARA D.O. CATTEDRA DEI NON CREDENTI.
501 _aSocietà San Paolo EM - Piazza San Paolo, 14 - 12051 ALBA (CN) (non commercial uses only) ® Copyright 2017
520 _aSIMPOSIO COMUNICAZIONE E VERITÀ. BRENA G.L. RENZO G. TURA E.R. DUPUYS J. BAZAN A. "SPLENDORE DELLA VERITÀ" FONDAMENTI TEOLOGICI DELLA MORALE. DIALETTICA DELLA COMUNICAZIONE. TEOLOGIA E COMUNICAZIONE. COMUNICAZIONE TRA LE CHIESE IN ALCUNI DOCUMENTI ECUMENICI. CRISTIANESIMO E PLURALISMO RELIGIOSO. L'ELEMENTO CRISTIANO IN CANTI ROMENI. CELEBRAZIONE EUCARISTICA E STRUTTURA FRATTALE. SCILIRONI C. RONCOLATO A. CEPRARA D.O. CATTEDRA DEI NON CREDENTI.
650 _aMISCELLANEA DI RELIGIONE
942 _cCR
957 _71
999 _a32269
_bNO
_g1
_c322853
_d322853